00329nam a2200121Ia 4500008004100000245006800041260001700109260000900126300000800135650002300143650001200166856002900178170516s9999 xx 000 0 und d aNanoparticles Based Stem Cell Tracking in Regenerative Medicine bTheranostics c2013 a3:8 xMedical Technology xMedtech uhttp://www.thno.org/v3i8